Böhmisches Glas - Phänomen der mitteleuropäischen Kultur des 19. und frühen 20. Jahrhunderts
| Titel: | Böhmisches Glas - Phänomen der mitteleuropäischen Kultur des 19. und frühen 20. Jahrhunderts : Referate anläßlich des Internationalen Symposiums im Passauer Glasmuseum vom 29. April bis 2. Mai 1993 / hrsg. von Jan Mergl |
|---|---|
| Beteiligt: | |
| Veröffentlicht: | Tittling : Rotel Tours, 1995 |
| Umfang: | 158 Seiten : Illustrationen |
| Format: | Buch |
| Sprache: | Deutsch |
| Schriftenreihe/ mehrbändiges Werk: |
Schriften des Passauer Glasmuseums ; 1 |
| RVK-Notation: |
·
·
|
| ISBN: | 3927218987 |
| Hinweise zum Inhalt: |
Inhaltsverzeichnis
|
| Lokale Klassifikation: | 23 9 G |
|---|
alg: 4965429 001A $03004:11-10-96 001B $01999:30-04-24 $t07:23:03.000 001D $09999:99-99-99 001U $0utf8 001X $00 002@ $0Aau 002C $aText $btxt $2rdacontent 002C $aunbewegtes Bild $bsti $2rdacontent 002D $aohne Hilfsmittel zu benutzen $bn $2rdamedia 002E $aBand $bnc $2rdacarrier 003@ $0049654292 003O $0260179558 $aOCoLC 004A $03-927218-98-7 006G $0946270368 006T $096,N01,0596 006U $096,A22,1372 007A $0049654292 $aHEB 007T $0Herd26746 009P $qapplication/pdf $A2 $3Inhaltsverzeichnis $uhttp://scans.hebis.de/HEBCGI/show.pl?04965429_toc.pdf $mV:DE-576;B:DE-16 010@ $ager 011@ $a1995 013D $RWissenschaftliche Literatur $RAufsatzsammlung $71071861417 $8Konferenzschrift [Ts1] $9359646190 $y1993 $zPassau 021A $aBöhmisches Glas - Phänomen der mitteleuropäischen Kultur des 19. und frühen 20. Jahrhunderts $dReferate anläßlich des Internationalen Symposiums im Passauer Glasmuseum vom 29. April bis 2. Mai 1993 $hhrsg. von Jan Mergl 028C $BHerausgeber $4edt $71051415640 $8Mergl, Jan$Z1954- [Tp3] $9340394250 033A $pTittling $nRotel Tours 034D $a158 Seiten 034M $aIllustrationen 036E $aSchriften des Passauer Glasmuseums $l1 036F $x11 $8Schriften des Glasmuseums Passau $9049654179 $l1 041A/80 $i13.6 041A/90 $hXA-CZ 044K $qDNB $RProtektorat Böhmen und Mähren $RBöhmische Länder $#Čech $#Königreich Böhmen $#České Království $#Království České $#Kronland Böhmen $#Čechy $#Ceské Království $#Království Ceské $74007467-5 $8Böhmen [Tgz] $9085012173 044K $qDNB $RAmorpher Festkörper $#Glass $#Glass art $#Verre $#Art du verre $#Vetro $#Vidrio artístico $#Vidrio $#glass $#Glas $#Anorganisches Glas $#Glaskunst $#Silicatglas $#Silikatglas $#Glasgefäß $74021142-3 $8Glas [Ts1] $9085051497 045E $a46 045F $a709.4371 $eDDC23BSB 045F/01 $a709 045F/03 $g4371 045G $a330.094371 $eDDC23BSB 045G/01 $a330.09 045G/03 $g4371 045R $aGeschichte 1800-1940 045Z $8LH 78730 [Tkv] $9409903469 045Z $8LL 35220 [Tkv] $940999569X 045Z $8LL 56380 [Tkv] $941000376X lok: 4965429 24 101B $005-12-02 $t18:02:58.135 101C $011-10-96 145Z/01 $a23 9 G 101U $0utf8 exp: 4965429 24 1 #EPN 201B/01 $018-12-02 $t21:25:53.827 201C/01 $011-10-96 203@/01 $0104898348 208@/01 $a11-10-96 $bz 209A/01 $a96.2424 $du $f050 $h96 2424 $x00 209C/01 $a96.2424 K $h96 2424 K 209G/01 $a70042266 $x00 247C/01 $8358050-7Marburg, Bibliothek des Herder-Instituts Marburg $9102600961 201U/01 $0utf8 lok: 4965429 78 exp: 4965429 78 1 #EPN 201B/01 $025-11-17 $t22:59:19.000 201U/01 $0utf8 203@/01 $0791712338 208@/01 $a12-11-16 $be 209A/01 $a/ $f000 $x00 220C/01 $aTitelaufnehmer: rb 237A/01 $aweiterführende Signatur(en): Herder-Institut: 96.2424 244Z/01 $#Tschechien $#Tschechische Republik $#Tschechische Republik $#Tschechenland $#Tschechei Tschechien $#Česká Republika $#Czech Republic $#ČR $74303381-7 $8--Tg1--Tschechien $x01 $9086659812 244Z/01 $2Trx $#Böhmen $#Bohemia $#Czechy $8--Trx--Čechy $x02 $9391188941 244Z/01 $aGeschichte 1800-1930 $x03 244Z/01 $2Trx $#klaas $#stiklas $#glas $#üveg $#szkło $#sklo $#sklo $8--Trx--Glas $x04 $9391364758 244Z/01 $2Trx $#klaasitootmine $#stiklo gamyba $#glas manufacturing $#üveggyártás $#hutnictwo szkła $#sklárstvo $#výroba skla $#produkcja szkła $8--Trx--Glasherstellung $x05 $9391367714 244Z/01 $2Trx $#vitraaž $#tapyba ant stiklo $#Stained glass $#üveg festészet $#malarstwo na szkle $#maľba na skle $#malba na skle $#Glasgravur $#grawerstwo na szkle $#rytina na skle $8--Trx--Glasmalerei $x06 $9391383310 244Z/01 $2Trx $#kaubavahetus klaas ja keraamika $#prekyba stiklas ir keramika $#trade glas $#kereskedelem üveg és kerámia $#handel, szkło $#obchod sklo a keramika $#obchod sklo a keramika $#Glas $#sklo $8--Trx--Handel$gGlas und Keramik $x07 $9391367854 244Z/01 $2Trx $#kultuur üldine $#kultūra bendras $#culture $#kultúra általános $#kultura ogólnie $#kultúra všeobecne $#kultura všeobecná $8--Trx--Kultur$gallgemein $x08 $9391375490 244Z/01 $2Trx $#dzieło zbiorowe $8--Trx--Sammelwerk $x09 $9391384597 245Z/01 $a09.04 $x01 247C/01 $82080>Marburg/Lahn, Herder-Institut, Forschungsbibliothek, Bibliographieportal $9336309341
| LEADER | 00000cam a2200000 c 4500 | ||
|---|---|---|---|
| 001 | 049654292 | ||
| 003 | DE-603 | ||
| 005 | 20240430072303.0 | ||
| 007 | tu | ||
| 008 | 961011s1995 xx |||| | u10||u|ger | ||
| 015 | |a 96,A22,1372 |z 96,N01,0596 |2 dnb | ||
| 016 | 7 | |2 DE-101 |a 946270368 | |
| 020 | |a 3927218987 | ||
| 035 | |a (DE-599)HEB049654292 | ||
| 035 | |a (OCoLC)260179558 | ||
| 040 | |a DE-603 |b ger |c DE-603 |d DE-603 | ||
| 041 | |a ger | ||
| 043 | |c XA-CZ | ||
| 082 | 0 | 4 | |8 1\u |a 709.4371 |q DE-101 |2 23/BSB |
| 083 | 0 | |8 2\u |a 330.094371 |q DE-101 |2 23/BSB | |
| 084 | |a 46 |q DE-101 |2 sdnb | ||
| 084 | |a LH 78730 |0 (DE-625)95079:2 |0 (DE-603)409903469 |2 rvk | ||
| 084 | |a LL 35220 |0 (DE-625)99680:2 |0 (DE-603)40999569X |2 rvk | ||
| 084 | |a LL 56380 |0 (DE-625)100117: |0 (DE-603)41000376X |2 rvk | ||
| 084 | |a 13.6 |q DE-101 |2 sdnb | ||
| 085 | |8 1\u |b 709 | ||
| 085 | |8 1\u |z 2 |s 4371 | ||
| 085 | |8 2\u |b 330.09 | ||
| 085 | |8 2\u |z 2 |s 4371 | ||
| 245 | 0 | 0 | |a Böhmisches Glas - Phänomen der mitteleuropäischen Kultur des 19. und frühen 20. Jahrhunderts |b Referate anläßlich des Internationalen Symposiums im Passauer Glasmuseum vom 29. April bis 2. Mai 1993 |c hrsg. von Jan Mergl |
| 264 | 1 | |a Tittling |b Rotel Tours |c 1995 | |
| 300 | |a 158 Seiten |b Illustrationen | ||
| 336 | |a Text |b txt |2 rdacontent | ||
| 336 | |a unbewegtes Bild |b sti |2 rdacontent | ||
| 337 | |a ohne Hilfsmittel zu benutzen |b n |2 rdamedia | ||
| 338 | |a Band |b nc |2 rdacarrier | ||
| 490 | 1 | |a Schriften des Passauer Glasmuseums |v 1 | |
| 648 | 7 | |a Geschichte 1800-1940 |2 gnd | |
| 650 | 7 | |a Glas |0 (DE-588)4021142-3 |0 (DE-603)085051497 |2 gnd | |
| 651 | 7 | |a Böhmen |0 (DE-588)4007467-5 |0 (DE-603)085012173 |2 gnd | |
| 655 | 7 | |a Konferenzschrift |y 1993 |z Passau |2 gnd-content |0 (DE-588)1071861417 |0 (DE-603)359646190 | |
| 700 | 1 | |a Mergl, Jan |d 1954- |e Herausgeber |4 edt |0 (DE-603)340394250 |0 (DE-588)1051415640 |2 gnd | |
| 810 | 2 | 2 | |a Glasmuseum |g Passau |t Schriften des Glasmuseums Passau |v 1 |w (DE-603)049654179 |w (DE-600)2288958-9 |9 11 |7 as |
| 856 | 4 | 2 | |m V:DE-576;B:DE-16 |q application/pdf |u http://scans.hebis.de/HEBCGI/show.pl?04965429_toc.pdf |3 Inhaltsverzeichnis |
| 924 | 0 | |9 Mb 50 |a (DE-603)104898348 |b DE-Mb50 |c HES |d c |g 96.2424 | |
| 924 | 0 | |9 2080 |a (DE-603)791712338 |b DE-2080 |c HES |d d |g / | |


